| 000 -LEADER |
| fixed length control field |
01119nam a22001577a 4500 |
| 008 - FIXED-LENGTH DATA ELEMENTS--GENERAL INFORMATION |
| fixed length control field |
210722b ||||| |||| 00| 0 eng d |
| 100 ## - MAIN ENTRY--PERSONAL NAME |
| Personal name |
Abdulkadiroğlu, Atila, et al |
| 245 ## - TITLE STATEMENT |
| Title |
Efficiency, justified envy, and incentives in priority-based matching |
| 260 ## - PUBLICATION, DISTRIBUTION, ETC. (IMPRINT) |
| Place of publication, distribution, etc |
The American Economic Review: Insights |
| 300 ## - PHYSICAL DESCRIPTION |
| Extent |
2(4), Dec, 2020: p.425-442 |
| 520 ## - SUMMARY, ETC. |
| Summary, etc |
Top trading cycles (TTC ) is Pareto efficient and strategy-proof in priority-based matching, but so are other mechanisms including serial dictatorship. We show that TTC minimizes justified envy among all Pareto-efficient and strategy-proof mechanisms in one-to-one matching. In many-to-one matching, TTC admits less justified envy than serial dictatorship in an average sense. Empirical evidence from New Orleans OneApp and Boston Public Schools shows that TTC has significantly less justified envy than serial dictatorship. – Reproduced |
| 650 ## - SUBJECT ADDED ENTRY--TOPICAL TERM |
| Topical term or geographic name as entry element |
Bargaining Theory, Matching theory, Allocative efficiency, Cost-benefit analysis |
| 9 (RLIN) |
27354 |
| 773 ## - HOST ITEM ENTRY |
| Main entry heading |
The American Economic Review: Insights |
| 906 ## - LOCAL DATA ELEMENT F, LDF (RLIN) |
| Subject DIP |
BARGAINING THEORY |
| 942 ## - ADDED ENTRY ELEMENTS (KOHA) |
| Item type |
Articles |